Statistics for 50 Marvel Villains by Picture #8

Click here to take the quiz!

General Stats

  • This quiz has been taken 15 times
  • The average score is 15 of 50

Answer Stats

Answer% Correct
Electro (Francine Frye)
93%
Scarecrow (Ebenezer Laughton)
79%
Bi-Beast
64%
Nuke (Frank Simpson)
64%
Jigsaw (William Russo)
57%
Black Mariah (Mariah Dillard)
50%
Blackout (Marcus Daniels)
50%
Morlun
50%
White Wolf (Hunter)
50%
Controller (Basil Sandhurst)
43%
Man-Bull (William Taurens)
43%
Black Tarantula (Carlos LaMuerto)
36%
Mammomax (Maximus Jensen)
36%
Techno (Norbert Ebersol)
36%
Vincent Stegron
36%
Bird-Man (Henry Hawk)
29%
Frog-Man (Francois Le Blanc)
29%
Gorilla-Man (Arthur Nagan)
29%
Mad Dog (Robert Baxter)
29%
Magus
29%
Paibok the Powerskrull
29%
Raul Bushman
29%
Red King (Angmo-Asan)
29%
Scarlet Beetle
29%
Technovore
29%
Ape-Man (Gordon Keefer)
21%
Cat-Man (Townshend Horgan)
21%
Collective Man (Han, Chang, Lin, Sun, & Ho Tao-Yu)
21%
Dragonfly (Veronica Dulfry)
21%
Garokk the Petrified Man
21%
Spider-Queen (Adriana Soria)
21%
Temujin
21%
Volcana (Marsha Rosenberg)
21%
Chondu the Mystic (Harvey Schlemerman)
14%
Corruptor (Jackson Day)
14%
Dreadknight (Bram Velsing)
14%
Ezekiel Stane
14%
Firebrand (Gary Gilbert)
14%
Goldbug (Matthew Gilden)
14%
Hijacker (Howard Mitchell)
14%
Humbug (Buchanan Mitty)
14%
Maelstrom
14%
Mentello (Marvin Flumm)
14%
Piecemeal
14%
Ruby Thursday (Thursday Rubinstein)
14%
Shrunken Bones (Jerold Morgan)
14%
Stardust (Lambda-Zero)
14%
Videoman
14%
Zaladane
14%
Zarrko the Tomorrow Man (Artur Zarrko)
14%

Score Distribution

Percentile by Number Answered

Percent of People with Each Score

Your Score History

You have not taken this quiz